Countries that Start with P - One Minute Sprint - Statistics

General Stats
  • This quiz has been taken 32 times
  • The average score is 8 of 10
Answer Stats
country % Correct
Poland
96%
Portugal
89%
Palau
85%
Peru
85%
Philippines
85%
Pakistan
81%
Panama
78%
Papua New Guinea
78%
Paraguay
74%
Palestine
41%
No matching quizzes found
Score Distribution
Percent of People with Each Score
Percentile by Number Answered
Your Score History
You have not taken this quiz